| 000 | 00000nam 2200000zi 4500 |
| 001 | 9.883002 |
| 003 | CaOODSP |
| 005 | 20250910142446 |
| 006 | m o d f |
| 007 | cr ||||||||||| |
| 008 | 191218t20202020onca ob f000 0 fre d |
| 020 | |a9780660335674 |
| 040 | |aCaOODSP|bfre|erda|cCaOODSP |
| 043 | |an-cn--- |
| 086 | 1 |aD2-425/2020F-PDF |
| 245 | 00|aMarine numérique : |bune stratégie pour adapter l'équipe de marine du Canada à l'ère numérique. |
| 264 | 1|a[Ottawa] : |bDéfense nationale = National Defence, |c[2020] |
| 264 | 4|c©2020 |
| 300 | |a1 ressource en ligne (20 pages) : |billustrations en couleur |
| 336 | |atexte|btxt|2rdacontent/fre |
| 337 | |ainformatique|bc|2rdamedia/fre |
| 338 | |aressource en ligne|bcr|2rdacarrier/fre |
| 500 | |aPublié aussi en anglais sous le titre : Digital navy : a strategy to enable Canada's naval team for the digital age. |
| 500 | |aTitre de la couverture. |
| 500 | |aÉgalement publié en format HTML. |
| 504 | |aComprend des références bibliographiques (page 20). |
| 610 | 16|aCanada. |bMarine royale. |
| 650 | 6|aArt et science navals|xInnovations|zCanada. |
| 650 | 6|aMécanique navale|zCanada. |
| 710 | 1 |aCanada. |bMinistère de la défense nationale, |eorganisme de publication. |
| 775 | 08|tDigital navy : |w(CaOODSP)9.883001 |
| 856 | 40|qPDF|s1.31 Mo|uhttps://publications.gc.ca/collections/collection_2020/mdn-dnd/D2-425-2020-fra.pdf |
| 856 | 4 |qHTML|sS.O.|uhttp://www.navy-marine.forces.gc.ca/fr/innovation/marine-numerique.page |